书目信息 |
| 题名: |
日本语能力测试听解易错难点解析
|
|
| 作者: | 齐珮 , 毛贺力 , 齐珂 主编 | |
| 分册: | 1级 | |
| 出版信息: | 北京 中国宇航出版社 2009.05 |
|
| 页数: | 316页 | |
| 开本: | 24cm | |
| 丛书名: | ||
| 单 册: | ||
| 中图分类: | H369.9 | |
| 科图分类: | ||
| 主题词: | 日语--ri yu--听说教学--水平考试--自学参考资料 | |
| 电子资源: | ||
| ISBN: | 978-7-80218-566-1 | |
| 000 | 00951nam0 2200265 450 | |
| 001 | 012010539383 | |
| 005 | 20100604143732.65 | |
| 010 | @a978-7-80218-566-1@dCNY28.00 (含光盘) | |
| 010 | @a978-7-89455-028-6@b光盘 | |
| 100 | @a20100604d2009 em y0chiy0120 ea | |
| 101 | 0 | @achi@ajpn |
| 102 | @aCN@b110000 | |
| 105 | @aa z 000yy | |
| 106 | @ar | |
| 200 | 1 | @a日本语能力测试听解易错难点解析@Ari ben yu neng li ce shi ting jie yi cuo nan dian jie xi@e多媒体揭秘版@h1级@f齐珮, 毛贺力, 齐珂主编@Fqi pei,mao he li,qi ke zhu bian |
| 210 | @a北京@c中国宇航出版社@d2009.05 | |
| 215 | @a316页@c图@d24cm@e光盘1片 | |
| 330 | @a本书共分为三个部分,分别为基础练习、关键词语解析和真题归类讲解。 | |
| 606 | 0 | @a日语@Ari yu@x听说教学@x水平考试@j自学参考资料 |
| 690 | @aH369.9@v4 | |
| 701 | 0 | @a齐珮@Aqi pei@4主编 |
| 701 | 0 | @a毛贺力@Amao he li@4主编 |
| 701 | 0 | @a齐珂@Aqi ke@4主编 |
| 801 | 0 | @aCN@bRULIN@c20100604 |
| 905 | @b780974-76@dH369.9@eQ053@f3 | |
| 日本语能力测试听解易错难点解析:多媒体揭秘版.1级/齐珮, 毛贺力, 齐珂主编.-北京:中国宇航出版社,2009.05 |
| 316页:图;24cm+光盘1片 |
| ISBN 978-7-80218-566-1:CNY28.00 (含光盘) |
| 本书共分为三个部分,分别为基础练习、关键词语解析和真题归类讲解。 |
| ● |
| 相关链接 |
|
|
|
正题名:日本语能力测试听解易错难点解析
索取号:H369.9/Q053
 
预约/预借
| 序号 | 登录号 | 条形码 | 馆藏地/架位号 | 状态 | 备注 |
| 1 | 780974 | 207809745 | 语言库209/209语言库 134排1列6层/ [索取号:H369.9/Q053] | 在馆 | |
| 2 | 780975 | 207809754 | 语言库209/209语言库 134排1列6层/ [索取号:H369.9/Q053] | 在馆 | |
| 3 | 780976 | 207809763 | 语言库209/209语言库 134排1列6层/ [索取号:H369.9/Q053] | 在馆 |